Bankovníctvo študijný text

Salvato in:
Dettagli Bibliografici
Autore principale: Petrjánošová, Božena
Natura: Libro
Lingua:slovacco
Pubblicazione: Bratislava ÚĎVEM EU 1996
Serie:Manažment malého a stredného podnikania
Soggetti:
Tags: Aggiungi Tag
Nessun Tag, puoi essere il primo ad aggiungerne!!

MARC

LEADER 00000nam a2200000 4500
001 c102674
005 20240422122138.1
020 |a 80-225-0761-X 
041 0 |a slo 
044 |a SK 
245 1 0 |a Bankovníctvo  |b študijný text  |c Božena Petrjánošová 
264 1 |a Bratislava  |b ÚĎVEM EU  |c 1996 
300 |a 86 s. 
490 1 |a Manažment malého a stredného podnikania 
830 0 |a Manažment malého a stredného podnikania 
610 2 0 |a bankovníctvo 
610 2 0 |a banky 
610 2 0 |a účty bankové 
610 2 0 |a podnikatelia 
610 2 0 |a úver bankový 
610 2 0 |a obchody úverové 
610 2 0 |a faktoring 
610 2 0 |a forfaiting 
610 2 0 |a lízing 
100 1 |a Petrjánošová, Božena